|
|
|
|
| LEADER |
00000nam a2200000 a 4500 |
| 001 |
vtls001385753 |
| 003 |
SK-MaSNL |
| 005 |
20260301161501.0 |
| 008 |
251124s1998 BG r 0 bul |
| 020 |
|
|
|a 9547020218
|c [64,00]
|
| 035 |
|
|
|a SNK000339889
|
| 040 |
|
|
|a SNK
|b slo
|c SNK
|e AACR2
|
| 044 |
|
|
|a BG
|
| 080 |
|
|
|a 886.7:82.085
|2 1981
|
| 100 |
1 |
|
|a Kozludžov, Zaprjan
|4 aut
|9 524567
|
| 245 |
1 |
0 |
|a Literaturnijat skaz i projavite mu v bălgarskata proza
|c Zaprjan Kozludžov
|
| 260 |
|
|
|a Plovdiv
|b Makros 2001
|c 1998
|
| 300 |
|
|
|a 187 s.
|c 22 cm
|
| 650 |
0 |
7 |
|a bulharská literatúra
|2 SNK
|9 1476
|
| 919 |
|
|
|a 954-702-021-8
|
| 999 |
|
|
|c 809621
|d 811551
|
| 952 |
|
|
|t P60, <04>, [BOOK], {604}
|a SNK
|b SNK
|y VYP
|7 0
|p 17A0236056
|o snkIC 128532
|i snkV 616/2000
|0 0
|1 0
|4 0
|d 2000-04-27
|l 0
|r 2005-01-02 00:00:00
|w 2026-02-24
|